| 000 | 01080cad a22002415a 4500 | ||
|---|---|---|---|
| 001 | L153729 | ||
| 008 | 110823s2011 xxkd f s 000 0 eng d | ||
| 035 | _a(Sirsi) u153729 | ||
| 041 | 0 | _aeng | |
| 100 | 1 | _aRobinson, Graham | |
| 245 | 0 | 0 |
_aConstruction prospects for Africa in a global context _h[electronic resource] |
| 260 |
_aLondon _bGlobal Construction Perspectives _c2011 |
||
| 505 | _aNigeria -- Mozambique -- South Africa | ||
| 520 | _aConstruction will outpace world GDP growth in the next decade as Asian markets continue to develop rapidly and the US registers a sharp cyclical recovery. Sub-Saharan Africa offers key growth sectors for construction in energy, transport, water and telecommunications. | ||
| 521 | 2 | _aAdvanced | |
| 590 | _aKA NTK | ||
| 651 | 4 | _aAfrica | |
| 690 | _aBUILT ENVIRONMENT-CONSTRUCTION MARKET | ||
| 710 | 1 |
_aPinsent Masons _95118 |
|
| 710 | 1 |
_aGlobal Construction Perspectives _95940 |
|
| 856 | 4 | 0 |
_uhttps://www.cimcig.org/files/news/Construction_prospec_1312635416.pdf _zView the item free of charge at www.cimcig.org |
| 942 | _n0 | ||
| 999 |
_c112675 _d112675 |
||